A sourcebook for substitutes and other teachers

Bibliographic Details
Main Authors: Freedman, Miriam K. (Author), Perl, Teri (Author)
Format: Book
Published: Menlo Park, Calif. Addison-Wesley 1974
Subjects:

MARC

LEADER 00000cam a2200000 7i4500
001 0000003018
008 021118s1974
020 |a 08201057867 
090 0 0 |a LB1027.S53  |b F7 1974 
100 0 |a Freedman, Miriam K.  |e author 
245 1 2 |a A sourcebook for substitutes and other teachers   |c Miriam K. Freedman and Teri Perl 
260 2 |a Menlo Park, Calif.   |b Addison-Wesley  |c 1974 
300 |a 160 p.  |c 28 cm 
650 0 |a Educational games 
650 0 |a Simulation games in education 
650 0 |a Substitue teachers 
700 1 |a Perl, Teri  |e author 
999 |a 1000022419  |b Book  |c OPEN SHELF (30 DAYS)  |e Gong Badak Campus